Diễn đàn trẻ em quốc gia năm 2009 : Trẻ em và các mục tiêu vì trẻ em /

Saved in:
Bibliographic Details
Main Author: Thùy Dương.
Format: Article
Language:Vietnamese
Subjects:
Tags: Add Tag
No Tags, Be the first to tag this record!
Institutions: Thư viện Trường Đại học Đà Lạt
LEADER 00787nam a2200265 4500
001 DLU120136373
005 ##20120611
040 # # |a DLU  |b vie 
041 # # |a vie 
044 # # |a vn 
100 # # |a Thùy Dương. 
245 # # |a Diễn đàn trẻ em quốc gia năm 2009 :  |b Trẻ em và các mục tiêu vì trẻ em /  |c Thùy Dương. 
653 # # |a Biến đổi khí hậu 
653 # # |a Chăm sóc trẻ em 
653 # # |a Luật trẻ em 
773 # # |t Gia đình và trẻ em  |g Số 33, 2009, tr. 18-19 
920 # # |a Phòng Tạp chí -- Trung tâm Thông tin - Thư viện Trường Đại học Đà Lạt 
994 # # |a DLU 
900 # # |a True 
911 # # |a Nguyễn Thị Linh Chi 
925 # # |a G 
926 # # |a A 
927 # # |a BB 
980 # # |a Thư viện Trường Đại học Đà Lạt